The political writings of John Adams ; (Record no. 18138)
[ view plain ]
| 000 -LEADER | |
|---|---|
| fixed length control field | 00878nam a22002771 4500 |
| 001 - CONTROL NUMBER | |
| control field | 18138 |
| 003 - CONTROL NUMBER IDENTIFIER | |
| rucl marc code | BD-RjUL |
| 005 - DATE AND TIME OF LATEST TRANSACTION | |
| control field | 20211209000237.0 |
| 008 - FIXED-LENGTH DATA ELEMENTS--GENERAL INFORMATION | |
| fixed length control field | 140219s1954 nyu 000 0 eng |
| 035 ## - SYSTEM CONTROL NUMBER | |
| System control number | (BD-RjUL)18196 |
| System control number | (BD-RjUL) |
| 040 ## - CATALOGING SOURCE | |
| Original cataloging agency | DLC |
| Transcribing agency | OClW |
| Modifying agency | OCoLC |
| -- | BD-RjUL |
| Language of cataloging | eng |
| 041 ## - LANGUAGE CODE | |
| Language code of text/sound track or separate title | eng |
| 082 ## - DEWEY DECIMAL CLASSIFICATION NUMBER | |
| Classification number | 320.5092 |
| Author mark and year | ADP 1954 |
| 100 1# - MAIN ENTRY--PERSONAL NAME | |
| Personal name | Adams, John, |
| Dates associated with a name | 1735-1826. |
| 9 (RLIN) | 55876 |
| 245 14 - TITLE STATEMENT | |
| Title | The political writings of John Adams ; |
| Remainder of title | representative selections / |
| Statement of responsibility, etc. | edited with an introd. by George A. Peek. |
| 260 ## - PUBLICATION, DISTRIBUTION, ETC. (IMPRINT) | |
| Place of publication, distribution, etc. | New York : |
| Name of publisher, distributor, etc. | Liberal Arts Press, |
| Date of publication, distribution, etc. | 1954 |
| 300 ## - PHYSICAL DESCRIPTION | |
| Pagination | 223 p. : |
| Size | 21 cm. |
| 490 0# - SERIES STATEMENT | |
| Series statement | American heritage series ; |
| Volume/sequential designation | no. 8 |
| 650 #0 - SUBJECT ADDED ENTRY--TOPICAL TERM | |
| Topical term or geographic name as entry element | Political science. |
| 9 (RLIN) | 55877 |
| Topical term or geographic name as entry element | Constitutional law |
| Geographic subdivision | United States. |
| 9 (RLIN) | 55878 |
| 700 1# - ADDED ENTRY--PERSONAL NAME | |
| Personal name | Peek, George A., |
| Dates associated with a name | 1918-2002. |
| 942 ## - ADDED ENTRY ELEMENTS (KOHA) | |
| Source of classification or shelving scheme | Dewey Decimal Classification |
| Koha item type | Books |
| Lost status | Source of classification or shelving scheme | Damaged status | Not for loan | Collection code | Permanent Location | Current Location | Shelving location | Date acquired | Source of acquisition | Total Checkouts | Full call number | Date last seen | Copy number | Koha item type |
|---|---|---|---|---|---|---|---|---|---|---|---|---|---|---|
| Dewey Decimal Classification | Not For Loan | Fiction | Central Library, University of Rajshahi | Central Library, University of Rajshahi | Reading Room | 13/08/1965 | Zeittinger | 320.5092 ADP 1954 | 19/02/2014 | C-1 | Books | |||
| Dewey Decimal Classification | Non-fiction | Central Library, University of Rajshahi | Central Library, University of Rajshahi | 20/02/1958 | U. S. I. S. | 320.5092 ADP 1954 | 18/06/2014 | C-2 | Books |